000 01108nam a22003257a 4500
003 CHAP
005 20220329135045.0
008 971013s1966 r 00010 d
010 _a30245
011 _a31217
035 _a35329
040 _cCHAP
090 _aFolleto 4817
100 0 0 _aCórdova C., Luis A.
_927836
245 _aCultivo del yute en la selva
260 _aMéxico, D. F. :
_bCentro Regional de Ayuda Técnica,
_c1966
300 _a9 p.
490 _aPerú. Servicio de Investigación y Promoción Agraria. Boletín técnico
_v; 49
590 _aBATCH-UPD
_b10
_c20130109
_lUCH01
_h2315
590 _aBATCH-UPD
_b10
_c20130110
_lUCH01
_h2115
590 _aBATCH-UPD
_b10
_c20130409
_lUCH01
_h1835
590 _aBATCH-UPD
_b10
_c20130410
_lUCH01
_h1425
590 _aBATCH-UPD
_b10
_c20130914
_lUCH01
_h1111
590 _aCONVERSION
_b10
_c20130109
_lUCH01
_h1317
650 1 4 _aYute.
_9123361
830 0 _aPerú. Servicio de Investigación y Promoción Agraria. Boletín técnico
_v; 49
_987247
901 _aBK
942 _cFOLL
949 _aFolleto 4817
_bBC
_cFOLL
_d-81629
_eTS1
_i35329
_mD
_si
999 _c30245
_d30245